<?xml version="1.0" encoding="UTF-8"?>
<record
    xmlns:xsi="http://www.w3.org/2001/XMLSchema-instance"
    xsi:schemaLocation="http://www.loc.gov/MARC21/slim http://www.loc.gov/standards/marcxml/schema/MARC21slim.xsd"
    xmlns="http://www.loc.gov/MARC21/slim">

  <leader>01453nab a22002417a 4500</leader>
  <datafield tag="999" ind1=" " ind2=" ">
    <subfield code="c">5387</subfield>
    <subfield code="d">5387</subfield>
  </datafield>
  <controlfield tag="003">OSt</controlfield>
  <controlfield tag="005">20250310093756.0</controlfield>
  <controlfield tag="008">190604e        xxu||||| |||| 00| 0 spa d</controlfield>
  <datafield tag="040" ind1=" " ind2=" ">
    <subfield code="c">PJ</subfield>
  </datafield>
  <datafield tag="100" ind1=" " ind2=" ">
    <subfield code="9">5368</subfield>
    <subfield code="a">G&#xF3;mez, Julio Luis</subfield>
  </datafield>
  <datafield tag="245" ind1="1" ind2="3">
    <subfield code="a">El reconocimiento de la persona por nacer /</subfield>
    <subfield code="c">Julio Luis G&#xF3;mez.</subfield>
  </datafield>
  <datafield tag="260" ind1=" " ind2=" ">
    <subfield code="a">Ciudad Aut&#xF3;noma de Buenos Aires :</subfield>
    <subfield code="b">Thomson Reuters La Ley, </subfield>
    <subfield code="c">2025.</subfield>
  </datafield>
  <datafield tag="300" ind1=" " ind2=" ">
    <subfield code="a">p. 73-80</subfield>
  </datafield>
  <datafield tag="500" ind1=" " ind2=" ">
    <subfield code="a">Cita Online: TR LALEY AR/DOC/2769/2024.</subfield>
  </datafield>
  <datafield tag="505" ind1=" " ind2=" ">
    <subfield code="a">Sumario: I. Antecedentes. Su fundamento.&#x2014; II. &#xC1;mbito de operatividad.&#x2014; III. El reconociente.&#x2014; IV. El reconocido.&#x2014; V. Formas del reconocimiento.&#x2014; VI. Quid de la acreditaci&#xF3;n del embarazo de la madre como requisito para la inscripci&#xF3;n del reconocimiento.&#x2014; VII. Notificaci&#xF3;n del reconocimiento.&#x2014; VIII. Efectos.&#x2014; IX. Reconocimiento de la persona por nacer y nacimiento como hijo matrimonial.&#x2014; X. Nulidad e impugnaci&#xF3;n del reconocimiento de la persona por nacer.&#x2014; XI. El nacimiento sin vida del reconocido.

</subfield>
  </datafield>
  <datafield tag="505" ind1=" " ind2=" ">
    <subfield code="t">&#xBF;Te interesa el texto completo? Solicitalo al correo: koha@justierradelfuego.gov.ar
</subfield>
  </datafield>
  <datafield tag="650" ind1=" " ind2="0">
    <subfield code="9">4383</subfield>
    <subfield code="a">PERSONAS POR NACER</subfield>
  </datafield>
  <datafield tag="650" ind1=" " ind2="0">
    <subfield code="9">1004</subfield>
    <subfield code="a">FILIACION</subfield>
  </datafield>
  <datafield tag="650" ind1=" " ind2="0">
    <subfield code="9">6358</subfield>
    <subfield code="a">RECONOCIMIENTO DE HIJO EXTRAMATRIMONIAL</subfield>
  </datafield>
  <datafield tag="650" ind1=" " ind2="0">
    <subfield code="9">4897</subfield>
    <subfield code="a">EMBARAZO</subfield>
  </datafield>
  <datafield tag="773" ind1="0" ind2=" ">
    <subfield code="0">2714</subfield>
    <subfield code="9">3171</subfield>
    <subfield code="d">Ciudad Aut&#xF3;noma de Buenos Aires : Thomson Reuters La Ley, 2014-</subfield>
    <subfield code="t">Revista anales de legislaci&#xF3;n argentina. N&#xBA; 3 - Marzo 2025.</subfield>
  </datafield>
  <datafield tag="942" ind1=" " ind2=" ">
    <subfield code="2">udc</subfield>
    <subfield code="c">ANA</subfield>
  </datafield>
</record>
